000 01357nam a2200289 a 4500
001 000079903
003 OSt
005 20230315175117.0
008 150824s2014 sp e | 000 f spa d
020 _a9788466644174
040 _cCO-MqBPB
041 0 _a~spa
090 _aJN
_bFITBh
100 1 _aFitzpatrick, Becca
245 1 0 _aHush, hush /
_cBecca Fitzpatrick ; traducción de:Pablo M. Migliozzi.
250 _a1a. ed.
260 _aBarcelona :
_bEdiciones B,
_c2014.
300 _a367 p.
490 _aSaga Hush, Hush I
500 _a"Nora Grey, una alumna aplicada en busca de una beca para la universidad, vive con su madre viuda en una granja a las afueras de Pórtland, Maine. Cuando Patch se convierte en su nuevo compañero de instituto, Nora siente a la vez atracción y repulsión hacia este extraño personaje que parece tener acceso a sus pensamientos. Luego se entera de que Patch es un ángel caído que quiere convertirse en humano. Nora está bajo su control, pero hay también otras fuerzas en juego y de repente se encuentra viviendo hechos inexplicables y en medio de una situación muy peligrosa."
650 1 4 _aNovela estadounidense
650 2 4 _aLiteratura estadounidense
650 2 4 _aÁngeles en la literatura
650 2 4 _aAmor en la literatura
700 1 _aMigliozzi, Pablo M.
_eTraductor
942 _2ddc
_cBKLIT
999 _c9081
_d9081